00994nam a2200181 a 450000100060000000300090000600800410001502000150005604000280007108200140009910000370011324500300015025000060018026000300018630000140021650505690023065000130079916816CO-ViMGA141112s2004 ck r 000 u spa d a970686024X aCO-ViMGAbspacCO-ViMGA04a551 W421f1 aWicander, Reed; Monroe, James S.10aFundamentos de Geología a2 aMexico, cThomson, c1999 a112.p.il. aComprensión de la tierra : Geología física La tectónica de placas Minerales Las rocas ígneas y la actividad ígnea intrusiva Vulcanismo Intemperismo, erosión y suelo Sedimentos y rocas sedimentarias Metamorfismo y rocas metamórficas Los terremotos y el interior de la tierra Deformación y creación de montañas Desechamiento de masa Escurrimiento de agua Agua subterranea Glaciares y glaciación La acción del viento y los desiertos Piso oceánico, costas y procesos costeros El tiempo geológico Historia del la tierra Historia de la vida14aGEOLOGIA